Foundations of software and system performance engineering : (Record no. 19737)
[ view plain ]
| 000 -LEADER | |
|---|---|
| fixed length control field | 01830cam a22003015a 4500 |
| 001 - CONTROL NUMBER | |
| control field | 18184065 |
| 005 - DATE AND TIME OF LATEST TRANSACTION | |
| control field | 20160503143158.0 |
| 008 - FIXED-LENGTH DATA ELEMENTS--GENERAL INFORMATION | |
| fixed length control field | 140611t2015 njua frb 001 0 eng d |
| 020 ## - INTERNATIONAL STANDARD BOOK NUMBER | |
| International Standard Book Number | 9780321833822 (pbk. : alk. paper) |
| 020 ## - INTERNATIONAL STANDARD BOOK NUMBER | |
| International Standard Book Number | 0321833821 |
| 040 ## - CATALOGING SOURCE | |
| Original cataloging agency | DLC |
| Language of cataloging | eng |
| Transcribing agency | DLC |
| Modifying agency | EG-ScBUE |
| 082 04 - DEWEY DECIMAL CLASSIFICATION NUMBER | |
| Classification number | 005.14 |
| Edition number | 22 |
| Item number | BON |
| 100 1# - MAIN ENTRY--PERSONAL NAME | |
| Personal name | Bondi, AndreÌ B. |
| 9 (RLIN) | 38646 |
| 245 10 - TITLE STATEMENT | |
| Title | Foundations of software and system performance engineering : |
| Remainder of title | process, performance modeling, requirements, testing, scalability, and practice / |
| Statement of responsibility, etc | Andre B. Bondi. |
| 260 ## - PUBLICATION, DISTRIBUTION, ETC. (IMPRINT) | |
| Place of publication, distribution, etc | Upper Saddle River : |
| Name of publisher, distributor, etc | Addison-Wesley / Pearson Education, |
| Date of publication, distribution, etc | c.2015. |
| 300 ## - PHYSICAL DESCRIPTION | |
| Extent | xxxi, 411 p. : |
| Other physical details | ill. ; |
| Dimensions | 23 cm. |
| 500 ## - GENERAL NOTE | |
| General note | Index : p. 385-411.<br/> |
| 504 ## - BIBLIOGRAPHY, ETC. NOTE | |
| Bibliography, etc | Bibliography : p. 377-384. |
| 505 0# - FORMATTED CONTENTS NOTE | |
| Formatted contents note | Why performance engineering? Why performance engineers? -- Performance metrics -- Basic performance analysis -- Workload identification and characterization -- From workloads to business aspects of performance requirements -- Qualitative and quantitative types of performance requirements -- Eliciting, writing, and managing performance requirements -- System measurement techniques and instrumentation -- Performance testing -- System understanding, model choice, and validation -- Scalability and performance -- Performance engineering pitfalls -- Agile processes and performance engineering -- Working with stakeholders to learn, influence, and tell the -- Performance engineering story -- Where to learn more. |
| 650 #0 - SUBJECT ADDED ENTRY--TOPICAL TERM | |
| Topical term or geographic name as entry element | Computer systems |
| General subdivision | Evaluation. |
| Source of heading or term | BUEsh |
| 9 (RLIN) | 6975 |
| 650 #0 - SUBJECT ADDED ENTRY--TOPICAL TERM | |
| Topical term or geographic name as entry element | Computer systems |
| General subdivision | Reliability. |
| Source of heading or term | BUEsh |
| 650 #0 - SUBJECT ADDED ENTRY--TOPICAL TERM | |
| Topical term or geographic name as entry element | Computer software |
| General subdivision | Validation. |
| Source of heading or term | BUEsh |
| 650 #0 - SUBJECT ADDED ENTRY--TOPICAL TERM | |
| Topical term or geographic name as entry element | Computer architecture |
| General subdivision | Evaluation. |
| Source of heading or term | BUEsh |
| 651 ## - SUBJECT ADDED ENTRY--GEOGRAPHIC NAME | |
| Source of heading or term | BUEsh |
| 653 ## - INDEX TERM--UNCONTROLLED | |
| Resource For college | Informatics and Computer Science |
| Arrived date list | June2015 |
| -- | November2015 |
| 650 #7 - SUBJECT ADDED ENTRY--TOPICAL TERM | |
| 9 (RLIN) | 3798 |
| Topical term or geographic name as entry element | Systems engineering |
| Source of heading or term | BUEsh |
| 942 ## - ADDED ENTRY ELEMENTS (KOHA) | |
| Source of classification or shelving scheme | Dewey Decimal Classification |
| Withdrawn status | Lost status | Source of classification or shelving scheme | Damaged status | Not for loan | Koha collection | Home library | Current library | Shelving location | Date acquired | Source of acquisition | Cost, normal purchase price | Serial Enumeration / chronology | Total Checkouts | Full call number | Barcode | Date last seen | Cost, replacement price | Koha item type |
|---|---|---|---|---|---|---|---|---|---|---|---|---|---|---|---|---|---|---|
| Dewey Decimal Classification | Alahram | Central Library | Central Library | Lower Floor | 17/06/2015 | Purchase | 450.00 | 324 | 005.14 BON | 000038658 | 15/07/2025 | 562.50 | Book - Borrowing |